000 00476nam a2200193Ia 4500
005 20240823035951.0
008 240823s9999||||xx |||||||||||||| ||und||
020 _a978-0-07-463662-6
041 _aENGLISH
082 _A621 P7
100 _aShanmugam G
245 0 _aBasic Mechanical Engineering
250 _a3rd
260 _c2007
_bMcGraw - Hill Higher Educ
_aNew York
500 _aTRANSFERED
650 _aMechanical
_bMechanical
942 _cBK
999 _c201956
_d201956